La clase obrera en las sociedades industriales / (Record no. 8355)
[ view plain ]
| 000 -CABECERA | |
|---|---|
| campo de control de longitud fija | 00675nam a2200205 a 4500 |
| 005 - FECHA Y HORA DE LA ÚLTIMA TRANSACCIÓN | |
| campo de control | 20240925070010.0 |
| 008 - ELEMENTOS DE LONGITUD FIJA--INFORMACIÓN GENERAL | |
| campo de control de longitud fija | 991125 000 0 spa u |
| 035 ## - NÚMERO DE CONTROL DEL SISTEMA | |
| Número de control de sistema | UPN01000008355 |
| 049 ## - COLECCIÓN | |
| Colección | CG |
| 050 #4 - SIGNATURA TOPOGRÁFICA DE LA BIBLIOTECA DEL CONGRESO | |
| Número de clasificación | HT609 |
| Número de documento/Ítem | M3.2 |
| 100 1# - ASIENTO PRINCIPAL--NOMBRE PERSONAL | |
| Nombre de persona | Mallet, Serge |
| 245 13 - MENCIÓN DE TÍTULO | |
| Título | La clase obrera en las sociedades industriales / |
| Mención de responsabilidad, etc. | Serge Mallet. |
| 300 ## - DESCRIPCIÓN FÍSICA | |
| Extensión | p. 34-80 |
| 501 ## - NOTA DE "CON" | |
| Nota de “Con” | En: El socialismo y la sociedad industrial / por Serge Mallet ; tr. Carlos Gerhardt. -- México : Siglo XXI, 1968 (1975 impr.) |
| 500 ## - NOTA GENERAL | |
| Nota general | Universidad Pedagógica Nacional |
| 500 ## - NOTA GENERAL | |
| Nota general | Fotocopia |
| 650 #7 - ASIENTO SECUNDARIO DE MATERIA - TERMINO TEMATICO | |
| Término de materia o nombre geográfico como elemento de entrada | Clases sociales |
| Fuente del encabezamiento o término | |
| 9 (RLIN) | 6922 |
| 650 #4 - ASIENTO SECUNDARIO DE MATERIA - TERMINO TEMATICO | |
| Término de materia o nombre geográfico como elemento de entrada | Trabajo y trabajadores |
| 9 (RLIN) | 6124 |
| 905 ## - TIPO DE MATERIAL | |
| Tipo de material | Libro |
| Estado de retiro | Estado de pérdida | Fuente del sistema de clasificación o colocación | Estado dañado | No para préstamo | Código de colección | Localización permanente | Ubicación/localización actual | Ubicación en estantería | Total de préstamos | Clasificación | Código de barras | Fecha visto por última vez | Número de copia | Tipo de ítem Koha |
|---|---|---|---|---|---|---|---|---|---|---|---|---|---|---|
| Library of Congress Classification | Colección General | Bib. Gregorio Torres Quintero | Bib. Gregorio Torres Quintero | Planta baja | HT609 M3.2 | 61290 | 31/12/2020 | 1 | Libro | |||||
| Library of Congress Classification | Colección General | Bib. Gregorio Torres Quintero | Bib. Gregorio Torres Quintero | Planta baja | HT609 M3.2 | 61291 | 31/12/2020 | 1 | Libro |
